Sāhityera gati o prakr̥ti. (Record no. 59426)

MARC details
000 -LEADER
fixed length control field 00575cam a22002291 4500
001 - CONTROL NUMBER
control field sa 64005946
003 - CONTROL NUMBER IDENTIFIER
control field DLC
005 - DATE AND TIME OF LATEST TRANSACTION
control field 20260227112036.0
008 - FIXED-LENGTH DATA ELEMENTS--GENERAL INFORMATION
fixed length control field 890616s1963 ii 000 0 beno
010 ## - LIBRARY OF CONGRESS CONTROL NUMBER
LC control number sa 64005946
035 ## - SYSTEM CONTROL NUMBER
System control number (OCoLC)19883778
040 ## - CATALOGING SOURCE
Original cataloging agency DLC
Transcribing agency WaU
Modifying agency DLC
042 ## - AUTHENTICATION CODE
Authentication code premarc
043 ## - GEOGRAPHIC AREA CODE
Geographic area code a-ii---
050 00 - LIBRARY OF CONGRESS CALL NUMBER
Classification number PK1701
Item number .B4
100 1# - MAIN ENTRY--PERSONAL NAME
Personal name Bedajña, Anāthabandhu.
245 10 - TITLE STATEMENT
Title Sāhityera gati o prakr̥ti.
260 ## - PUBLICATION, DISTRIBUTION, ETC.
Date of publication, distribution, etc. [1963]
300 ## - PHYSICAL DESCRIPTION
Extent 7, 228 p.
Dimensions 22 cm.
500 ## - GENERAL NOTE
General note In Bengali.
650 #0 - SUBJECT ADDED ENTRY--TOPICAL TERM
Topical term or geographic name entry element Bengali literature
General subdivision History and criticism.

No items available.

Powered by Koha